|
|
|
|
| LEADER |
00000naa a2200000uu 4500 |
| 001 |
vtls011070639 |
| 003 |
SK-MaSNL |
| 005 |
20260302142003.0 |
| 008 |
210908|2002 xo |||||||||||||||||slo| |
| 015 |
|
|
|a SNBRA
|
| 035 |
|
|
|a (urnnbn)urn:nbn:sk:snk:ar-a0ca9d
|
| 035 |
|
|
|a (uuid)7ef26861-d198-4b1f-8cea-7076180579f1
|
| 035 |
|
|
|a urn:nbn:sk:snk-aavgk8
|
| 040 |
|
|
|a SNKBUCL
|b slo
|c SNKBUCL
|e AACR2
|
| 041 |
0 |
|
|a slo
|
| 044 |
|
|
|a xo
|c SK
|
| 100 |
1 |
|
|a Kropáčová, Katarína,
|d 1946-
|4 aut
|9 28424
|
| 245 |
1 |
0 |
|a VPLYV KADMIA A IONIZUJÚCEHO ŽIARENIA NA HYPERTROFIU OBLIČIEK POTKANOV PO UNILATERÁLNEJ NEFREKTÓMII
|c K. Kropáčová, E. Mišúrová
|
| 246 |
3 |
|
|a EFFECT OF CADMIUM AND IONIZING RADIATION ON HYPERTROPHY OF RAT KIDNEY AFTER UNILATERAL NEPHRECTOMY
|
| 700 |
1 |
|
|a Mišúrová, Eva,
|d 1937-
|4 aut
|9 221400
|
| 773 |
0 |
|
|t 5. košický morfologický deň s medzinárodnou účasťou
|d Košice : Univerzita veterinárskeho lekárstva, 2002
|g S. 97-100
|z 8088985668
|
| 958 |
|
|
|a OND
|
| 958 |
|
|
|a article12
|
| 958 |
|
|
|a chapter
|
| 999 |
|
|
|c 1337613
|d 1339543
|